Low-dimensional models in statistical physics and quantum field theory : (Record no. 5340)

MARC details
000 -LEADER
fixed length control field 01338cam a22003135i 4500
003 - CONTROL NUMBER IDENTIFIER
control field EG-ScBUE
005 - DATE AND TIME OF LATEST TRANSACTION
control field 20250527101042.0
008 - FIXED-LENGTH DATA ELEMENTS--GENERAL INFORMATION
fixed length control field 150817t1996 gw a f b 100 0 eng d
020 ## - INTERNATIONAL STANDARD BOOK NUMBER
International Standard Book Number 3540609903
020 ## - INTERNATIONAL STANDARD BOOK NUMBER
International Standard Book Number 9783540609902
040 ## - CATALOGING SOURCE
Original cataloging agency EG-ScBUE
Language of cataloging eng
Description conventions rda
Transcribing agency EG-ScBUE
Modifying agency EG-ScBUE
082 04 - DEWEY DECIMAL CLASSIFICATION NUMBER
Classification number 530.143
Item number LOW
Edition number 22
111 2# - MAIN ENTRY--MEETING NAME
Meeting name or jurisdiction name as entry element Internationale UniversitaÌ(tswochen fuÌ(r Kern- und Teilchenphysik
Number of part/section/meeting (34th :
Date of meeting 1995 :
Location of meeting Schladming, Austria)
245 00 - TITLE STATEMENT
Title Low-dimensional models in statistical physics and quantum field theory :
Remainder of title proceedings of the 34. Internationale UniversitaÌ(tswochen fuÌ(r Kern-und Teilchenphysik, Schladming, Austria, March 4-11, 1995 /
Statement of responsibility, etc Harald Grosse, Ludwig Pittner, (eds.)
264 #1 - PUBLICATION, DISTRIBUTION, ETC. (IMPRINT)
Place of publication, distribution, etc Berlin :
Name of publisher, distributor, etc Springer-Verlage,
Date of publication, distribution, etc [1996]
264 #4 - PUBLICATION, DISTRIBUTION, ETC. (IMPRINT)
Date of publication, distribution, etc c1996
300 ## - PHYSICAL DESCRIPTION
Extent xvii, 339 pages :
Other physical details illustrations ;
Dimensions 24 cm.
336 ## - CONTENT TYPE
Source rdacontent
Content type term text
Content type code txt
337 ## - MEDIA TYPE
Media type term unmediated
Source rdamedia
Media type code n
338 ## - CARRIER TYPE
Carrier type term volume
Carrier type code nc
Source rdacarrier
490 0# - SERIES STATEMENT
Series statement Lecture notes in physics ;
Volume number/sequential designation 469
504 ## - BIBLIOGRAPHY, ETC. NOTE
Bibliography, etc Includes bibliographical references.
650 #7 - SUBJECT ADDED ENTRY--TOPICAL TERM
Topical term or geographic name as entry element Statistical physics
General subdivision Mathematical models
-- Congresses.
Source of heading or term BUEsh
650 #7 - SUBJECT ADDED ENTRY--TOPICAL TERM
Topical term or geographic name as entry element Quantum field theory
General subdivision Mathematical models
-- Congresses.
Source of heading or term BUEsh
655 ## - INDEX TERM--GENRE/FORM
Form subdivision Reading book
700 1# - ADDED ENTRY--PERSONAL NAME
Personal name Grosse, Harald,
Dates associated with a name 1944-
Relator term editor.
700 1# - ADDED ENTRY--PERSONAL NAME
Personal name Pittner, Ludwig.
Relator term editor.
942 ## - ADDED ENTRY ELEMENTS (KOHA)
Koha item type Book - Borrowing
Source of classification or shelving scheme Dewey Decimal Classification
Holdings
Withdrawn status Lost status Source of classification or shelving scheme Damaged status Not for loan Collection code Home library Current library Shelving location Date acquired Source of acquisition Total Checkouts Full call number Barcode Date last seen Koha item type Cost, normal purchase price Serial Enumeration / chronology
    Dewey Decimal Classification     Alahram Central Library Central Library First floor 14/09/2015     530.143 LOW 000006690 15/07/2025 Book - Borrowing    
    Dewey Decimal Classification     Alahram Central Library Central Library First floor 14/09/2015     530.143 LOW 000016777 15/07/2025 NB - Book (Non borrowing) 314.80 72